| 000 | 00835cad a22002175a 4500 | ||
|---|---|---|---|
| 001 | E154415 | ||
| 008 | 111129e20111118xxka f s000 0 eng d | ||
| 035 | _a(Sirsi) u154415 | ||
| 041 | 0 | _aeng | |
| 100 | 1 | _aMarsden, Katrina | |
| 245 | 0 | 0 |
_aCAP reform _blegislative proposals _h[electronic resource] |
| 260 |
_aEdinburgh _bScottish Parliament _c2011 |
||
| 490 | 0 |
_aSPICe Briefing _v(11/82) 18 November 2011 |
|
| 520 | _aSets out European Commission proposals for the Common Agricultural Policy (CAP) after 2013. | ||
| 521 | _aAdvanced | ||
| 590 | _aKA | ||
| 651 | 4 |
_aScotland _y1999- |
|
| 690 | _aENVIRONMENTAL AND LAND CONSULTANCY-AGRIBUSINESS-AGRICULTURE | ||
| 856 | 4 | 0 |
_uhttps://www.scottish.parliament.uk/ResearchBriefingsAndFactsheets/SB_11-82.pdf _zView the briefing free of charge at www.scottish.parliament.uk |
| 942 | _n0 | ||
| 999 |
_c112980 _d112980 |
||